Financial Accounting (Record no. 3725)

MARC details
005 - DATE AND TIME OF LATEST TRANSACTION
control field 20250613092311.0
020 ## - INTERNATIONAL STANDARD BOOK NUMBER
International Standard Book Number 978-0-07-293117-4
082 ## - DEWEY DECIMAL CLASSIFICATION NUMBER
Classification number 657 LIB
100 ## - MAIN ENTRY--PERSONAL NAME
Author name LIBBY, R
245 ## - TITLE STATEMENT
Title Financial Accounting
250 ## - EDITION STATEMENT
Edition statement 5th Ed.
260 ## - PUBLICATION, DISTRIBUTION, ETC.
Place of publication, distribution, etc. Boston
Name of publisher, distributor, etc. McGraw-Hill Irwin
Date of publication, distribution, etc. 2007.
300 ## - PHYSICAL DESCRIPTION
Extent xxxi,750p.:ill.; pictures, tables and charts
Other physical details Glossary and Index
Dimensions 28 cm
700 ## - ADDED ENTRY--PERSONAL NAME
Other authors/Editors Patricia A. Libby
700 ## - ADDED ENTRY--PERSONAL NAME
Other authors/Editors Daniel G. Short
942 ## - ADDED ENTRY ELEMENTS (KOHA)
Source of classification or shelving scheme Dewey Decimal Classification
Koha item type Books
Holdings
Date last seen Total checkouts Full call number Barcode Cost, replacement price Price effective from Koha item type Lost status Source of classification or shelving scheme Damaged status Not for loan Withdrawn status Home library Current library Shelving location Date acquired Source of acquisition Cost, normal purchase price
06/11/2025   657 LIB MWA000676 150000.00 06/11/2025 Books   Dewey Decimal Classification       CBE Mwanza CBE Mwanza General Collection 07/01/2007 Library Budget 50000.00
06/11/2025   657 LIB MWA000677 150000.00 06/11/2025 Books   Dewey Decimal Classification       CBE Mwanza CBE Mwanza General Collection 07/01/2007 Library Budget 50000.00
06/11/2025   657 LIB MWA000678 150000.00 06/11/2025 Books   Dewey Decimal Classification       CBE Mwanza CBE Mwanza General Collection 07/01/2007 Library Budget 50000.00